| 000 | 00588cam a22002171 4500 | ||
|---|---|---|---|
| 001 | sa 68006089 | ||
| 003 | DLC | ||
| 005 | 20260227112513.0 | ||
| 008 | 890406s1964 io 000 0 ind | ||
| 010 | _asa 68006089 | ||
| 035 | _a(OCoLC)23574269 | ||
| 040 |
_aDLC _cMiU _dDLC |
||
| 042 | _apremarc | ||
| 050 | 0 | 0 |
_aLB1044.7 _b.H85 |
| 100 | 1 | _aHutabarat, Sans S. | |
| 245 | 1 | 0 | _aPedoman bagi penjipta siaran TV-pendidikan, |
| 260 |
_aBandung, _bIKIP _c[1964?] |
||
| 300 |
_a41 p. _c21 cm. |
||
| 650 | 0 | _aTelevision in education | |
| 700 | 1 |
_aThomas, R. Murray _q(Robert Murray), _d1921- |
|
| 999 |
_c81116 _d81116 |
||